000 00417nam a2200157Ia 4500
008 241127s9999||||xx |||||||||||||| ||und||
020 _a9781582554013
_c143.8143.8
040 _beng
_cSSK Library
_erda
082 _a616.07/PAT
245 0 _aPathophysiology Made Incredibly Easy
250 _a3rd
260 _b Lippincott Williams & Wilkins
_c©2006
942 _22ddc
_cBOOK
_nNo
999 _c8131
_d8131
003 OSt
005 20241127152735.0